[Event "Cuernavaca Young Masters"]
[Site "Cuernavaca"]
[Date "2006.02.09"]
[Round "7"]
[White "Vallejo Pons, Francisco"]
[Black "Nakamura, Hikaru"]
[Result "1/2-1/2"]
[WhiteElo "2650"]
[BlackElo "2644"]
[Annotator "Babula,V"]
[PlyCount "79"]
[EventDate "2006.02.03"]
[EventType "tourn"]
[EventRounds "9"]
[EventCountry "MEX"]
[EventCategory "16"]
[SourceTitle "CBM 112"]
[Source "ChessBase"]
[SourceDate "2006.06.07"]
[SourceVersion "1"]
[SourceVersionDate "2006.06.07"]
[SourceQuality "1"]

1. e4 c5 2. Ne2 d6 3. g3 h5 $5 {[%cal Yh5h4] Black has many other options, but
let's examine the following ones, as they are interesting from the point of
view of our game:} (3... d5 {Black's immediately tries to exploit White's last
move} 4. Bg2 dxe4 5. Nbc3 Nf6 (5... f5 $5 6. d3 exd3 7. Nf4 Nf6 8. Nxd3 $44) 6.
Nxe4 Nxe4 7. Bxe4 e5 8. d3 Bd6 9. Nc3 Nd7 10. Qf3 Rb8 11. g4 Nf8 12. Nd5 Ne6
13. c3 Bd7 14. h4 b5 15. Be3 $14 {1-0 Vallejo Pons,F (2677)-Dunis,A (2485)/
Port Barcares 2005/CBM 107/[Bangiev] (43)}) (3... e5 4. Bg2 Nc6 5. c3 g6 6. d4
Bg7 7. Be3 ({a good example of the play in this line is} 7. dxc5 dxc5 8. Qxd8+
Kxd8 9. Na3 Be6 10. Be3 b6 11. f4 f6 12. f5 Bf7 13. g4 a6 14. h4 Kc7 15. Ng3
Nge7 16. Bf1 $14 {1/2 Balashov,Y (2555)-Purtov,A (2427)/Omsk 2001/EXT 2002 (66)
}) {This position with the insertion of the moves h7-h5, h2-h3 was reached in
our game and Nakamura continued} 7... b6 {what is a new move not only in our
game, but even in this known position.} (7... cxd4 8. cxd4 Nh6 9. h3 f5 10.
Nbc3 O-O 11. Qb3+ Kh8 12. dxe5 dxe5 13. Rd1 $14 {1-0 Kupreichik,V (2466)
-Wehmeier,S (2362)/Germany 2003/EXT 2004 (70)})) 4. h3 {The typical reaction
against the advance of Black's h pawn, after h5-h4 White answers g3-g4.} (4. h4
$143 {weakens the g4 square.}) (4. d4 h4 {leads to unclear positions.}) 4... e5
({It deserves attention} 4... d5 $5 {, compared with the line above White has
worries with his h3 pawn, for example} 5. Bg2 dxe4 6. Nbc3 Nf6 7. Nxe4 Nxe4 8.
Bxe4 Nc6 $11 {1/2 Filipenko,A (2420)-Zheliandinov,V (2350)/Lvov 1995/CBM 050
ext (41)}) 5. Bg2 Nc6 6. c3 {White has to prepare the d2-d4 advance
immediately, otherwise Black fianchettoes his Bf8 and prevents it.} g6 7. d4
Bg7 8. Be3 b6 {As I write above, a new attempt.} 9. Na3 ({Clearly premature is
} 9. dxc5 $6 dxc5 10. Qxd8+ Kxd8 11. Na3 {due to} Ba6) 9... Nge7 10. dxc5 dxc5
{The situation in the centre has clarified. Although the pawn structure is
almost identical, there is one important difference, which gives White a
permanent advantage. Black has a weakness on d5, whereas White's c pawn is
still on c3 covering the d4 square.} 11. Qxd8+ Nxd8 (11... Kxd8 12. O-O-O+ Kc7
13. Nb5+ Kb8 $14) 12. Nb5 {[%cal Yb5c7]} O-O $2 {A mistake, which gives White
full control over the d file. White can also easily transfer his Nb5 to the d5
square.} (12... Kd7 $142 13. O-O-O+ Kc6 14. Nd6 Be6 $14) 13. Nc7 Rb8 14. O-O-O
$16 Bb7 15. g4 {[%csl Gf5]} (15. Rd7 $6 Nf5) 15... Rc8 16. Rd7 {White
penetrates with his rooks to Black's position.} ({Good enough is also simple} 
16. Nd5 $16) 16... Bc6 $6 {Black doesn't want to suffer passively and rather
tries to trap White's rook.} 17. Rxe7 Bf6 18. Nd5 Bxd5 19. Rxa7 Bc4 20. Ng3 $6
{An inaccuracy,} ({after} 20. Bf1 $142 $5 $16 {White keeps his rook on the 7th
rank without troubles} Nc6 21. Rb7) 20... Nc6 21. Rb7 $2 {But this is already
a serious mistake.} ({A retreat of the rook over the a file looks strange, but
anyway it keeps the advantage} 21. Ra3 $142 $16 {, for example} h4 22. Nf1 Nb4
23. Nd2) 21... h4 22. Nf1 Bd8 {[%csl Rb7] Now White's rook is trapped.} 23. Nd2
Be6 {Black goes for his goal, to capture White's rook.} ({Possible is also} 
23... Bxa2 {as it doesn't work} 24. b3 $2 {due to} Na5) 24. Bf1 Ra8 25. Bb5 Na5
26. Rd7 Bxd7 27. Bxd7 {[%cal Ye3h6]} Kg7 28. a4 $44 {Black has gained the
exchange, but White has a pawn and also the strong light squared bishop for it.
Objectively White has a symbolic advantage, but he can't convert it, Black
prevents easily any White's active intentions.} Be7 29. Kc2 Rab8 30. Bb5 Rfc8
31. Nc4 Nxc4 32. Bxc4 Ra8 33. b3 Rd8 34. Rg1 f6 35. f3 g5 36. Bd5 Ra5 37. c4 {
After blocking of the position result is obvious, a draw.} Kf8 38. Bd2 Ra7 39.
Be3 Ra5 40. Bd2 1/2-1/2

[Event "Donetzk zt"]
[Site "Donetsk"]
[Date "1998.11.12"]
[Round "10"]
[White "Zubarev, Alexander2"]
[Black "Tukmakov, Vladimir B"]
[Result "1-0"]
[WhiteElo "2440"]
[BlackElo "2605"]
[Annotator "Baburin,A"]
[PlyCount "67"]
[EventDate "1998.11.02"]
[EventType "swiss"]
[EventRounds "11"]
[EventCountry "UKR"]
[SourceTitle "CBM 068"]
[Source "ChessBase"]
[SourceDate "1999.02.01"]
[SourceVersion "1"]
[SourceVersionDate "1999.02.01"]
[SourceQuality "1"]

1. e4 c5 2. b3 Nc6 3. Bb2 d6 4. Nc3 Nf6 5. f4 Bg4 6. Be2 Bxe2 7. Qxe2 Nd4 8.
Qd3 e6 9. O-O-O Be7 10. Nf3 Nc6 11. Qe2 O-O 12. d4 cxd4 13. Nxd4 Qb6 14. Nxc6
Qxc6 15. g4 $1 Rac8 16. g5 Nd7 17. Rhg1 $1 {[%mdl 2176] Should Black have a
pawn on g6, White would be open the h-file by n2-n4-h5xg6 and then to use his
rook on that file. As there is no target on g6, White uses a rook lift in
order to advance his powerful piece to an attacking position.} Nc5 {Perhaps,
Black should have sent this knight to f8, where it would take care of the
h7-pawn.} 18. Kb1 Rfe8 19. Rg3 $1 Bf8 20. Rh3 g6 21. Qe1 $1 Bg7 22. e5 dxe5 23.
Qh4 Red8 $2 ({Better was} 23... exf4 {Then White might consider} 24. Nd5 Bxb2
25. Nf6+ Kf8 26. Kxb2) 24. Re1 Rd2 ({Now} 24... exf4 {loses on the spot to} 25.
Nd5 $1 $18) 25. fxe5 Qg2 26. Rc1 Kf8 27. Nb5 a6 28. Nd6 Rc6 29. Nc4 Re2 30. Ba3
$1 b5 $2 31. Qd4 Qd5 32. Qxd5 exd5 33. Na5 Rc7 34. Rc3 1-0

[Event "GER-ch 76th"]
[Site "Altenkirchen"]
[Date "2005.02.20"]
[Round "3"]
[White "Bischoff, Klaus"]
[Black "Meins, Gerlef"]
[Result "1/2-1/2"]
[WhiteElo "2555"]
[BlackElo "2440"]
[Annotator "Bangiev,A"]
[PlyCount "105"]
[EventDate "2005.02.18"]
[EventType "swiss"]
[EventRounds "9"]
[EventCountry "GER"]
[SourceTitle "CBM 106"]
[Source "ChessBase"]
[SourceDate "2005.06.06"]
[SourceVersion "1"]
[SourceVersionDate "2005.06.06"]
[SourceQuality "1"]

1. e4 c5 2. g3 d5 3. exd5 Qxd5 4. Nf3 Bg4 5. Bg2 Qe6+ 6. Kf1 Bh3 {[%csl Gb7,
Gc7] Ein beanspruchsvoller Zug, der die Entwicklung des weißen Königsflügels
hindern soll. Der Bh3 wird aber für unentwickelte schwarze Stellung zur
Überlastung. Man beachte die Felderschwächen auf b7 und c7;} (6... Nc6 $142) 7.
b4 $1 {Weiß beabsichtigt damit die b-Linie zu öffnen, den Pb7 angreifen z
können;} cxb4 8. a3 $1 b3 $1 {[%csl Gb7,Gc7]} (8... bxa3 {[%csl Gb7,Gc7]} 9.
Nxa3 {/\Nb5}) 9. Nc3 $1 {Eine konsequente, aktive Fortsetzung. /\Rb1, /\Nb5;
Die weißen Figuren des Damenflügels werden schnell in die Angriffpositionen
gebracht.} (9. cxb3 $6) 9... Nf6 {[%csl Gb7]} (9... bxc2 10. Qxc2 Nc6 {[%csl
Gb7,Gf7]} (10... Nf6 11. Rb1) 11. d4 (11. Ng5) 11... Nf6 12. d5 Bxg2+ 13. Kxg2
Nxd5 14. Nxd5 Qxd5 15. Rd1 Qe6 16. Rb1 Qc8 17. Qb3 $13 {[%csl Gb7,Gf7]}) 10.
Rb1 {[%csl Gb7]} g6 $6 (10... bxc2 $142) 11. Rxb3 $14 {[%csl Gb7] Die
Bauernschwäche auf b7 ist nun angegriffen.} b6 {[%csl Gb7,Gc7] Dies schwächt
die Felder b7,c6 ohne jene Gegenleistung. Es wäre sehr nützlich diese Position
mit der nach dem 6...Bh3 zu vergleichnen.} (11... Qd7 $142 12. Ne5 (12. Bxh3
Qxh3+ 13. Kg1 Bg7 14. Rxb7 Nc6) 12... Qe6 13. d4 Nc6) 12. Nd4 {[%csl Gb7,Ge4,
Gf7][%mdl 2048] Die weißen Figuren kontrollieren die weißen Felder im e4- bzw.
d5-Raum.} (12. Nb5 {[%csl Gc7] Dies kommt gut in Frage: Die schwarzen Figuren
sichern momentan die weißen Felder. Soll Weiß daher eine schwarzfeldrige
Initiative ergreifen.} Na6 (12... Qd7 13. Bb2 Bg7 14. Ne5 $16) 13. Re3 (13. Bb2
Bg7 14. Re3 Qd7 15. Qe2 Nc5 $14) 13... Qd7 (13... Bxg2+ 14. Kxg2 Qd7 15. Bb2
Bg7 16. Qe2 $16) 14. Nd6+ Qxd6 15. Bxh3 Bg7 16. Qe2) 12... Qg4 (12... Qc4+ $142
13. d3 Qc8 (13... Bxg2+ 14. Kxg2 Qxd4 15. Qf3) 14. Qf3 Na6 $14) (12... Qc8 13.
Qf3 Na6 $14) 13. Qxg4 Bxg2+ 14. Kxg2 Nxg4 {[%csl Gc7,Gg7] Weiß ist klar im
Vorteil: Entwicklungsvorsprung, die beiden Springer sind zentral platziert,
die schwarzen Felder im e5-Raum u.a. c7,e5, g7 sind ungenügend gedeckt. Es
gibt hier viele Möglichkeiten: 15.Nd5, 15.Ncb5, 15.Ndb5, aber auch 15.Re1 und
15.Bb2. Die Logik der Stellung spricht für 15.Lb2, was Weiß erlaubt unter
Tempogewinn die anderen Möglichkeiten beizubehalten.} 15. Nd5 (15. Bb2 $1 {
[%csl Gg7]} Bg7 (15... Na6 16. Ncb5) (15... Rg8 16. Ncb5) 16. Ncb5 {Mit dem
Ziel, die schwarzen Steine, Bg7,Pe7 befragen, die die schwarzen Felder im
e5-Raum verteidigen.} (16. Nd5 {[%csl Gc7,Gg7]} Na6 {[%csl Gc7,Ge7,Gg7]} 17.
Re1 $16 {[%csl Ge7]}) 16... Kd7 (16... Na6 17. Nc6 Bxb2 18. Rxb2 $16) 17. Re1 (
17. Ne6 $6) 17... Na6 18. h3 Nf6 19. Nf3 $16) 15... Na6 16. Bb2 O-O-O 17. Nb4 (
17. Nc6 {Die kritische Fortsetzung.} Rxd5 18. Bxh8 Rxd2 (18... f6 19. h3) (
18... Kb7 19. Nd4 e5 20. h3 Nxf2 21. Rf1) 19. Rf3 Kb7 20. Nxe7 $16 Nxf2 (20...
Bxe7 21. Rxf7 Rxf2+ 22. Rxf2 Nxf2 23. Kxf2 $16) 21. Rxf2 Rxf2+ 22. Kxf2 Bxe7
23. Bb2 $16) 17... Nc5 (17... Nxb4 18. Nf3 (18. Rxb4 Bg7 19. Nc6 Bxb2) (18.
axb4 Bg7 19. Nf3 Bxb2 20. Rxb2 $14) 18... f6 19. axb4 $14) 18. Nbc6 (18. Ndc6
$142 Rg8 19. Nxd8 Nxb3 20. Nxf7 $16) 18... Nxb3 19. Nxb3 (19. Nxd8 $142 Rg8 (
19... Nxd2 20. Nxf7) 20. cxb3 Kxd8 21. Nc6+ Kd7 22. Nxa7 $16) 19... Nf6 20.
Nxd8 Kxd8 21. Nd4 {/\Nc6} Kd7 22. Nf3 $1 $16 Bg7 23. Ne5+ Ke8 24. Nc6 Kd7 25.
Nxa7 Ra8 26. Nb5 Nh5 27. Rb1 $16 Bxb2 28. Rxb2 e5 {[%mdl 4096]} 29. Nc3 Kc6 30.
a4 Nf6 31. Rb4 Nd7 32. f4 f6 33. fxe5 fxe5 34. Rh4 h5 35. g4 Nf6 36. gxh5 Nxh5
37. Rc4+ Kb7 38. Ne2 Nf6 39. d3 Rd8 40. Nc3 Nh5 41. Ne2 Nf6 42. Ng3 Rf8 43. Kf3
g5 44. Ne4 Nd5+ 45. Kg3 Ne3 46. Nd6+ Ka6 47. Re4 Nxc2 48. Nc4 Nb4 49. Nxe5 Ka5
50. d4 $6 (50. Kg4 $16) 50... Nd5 51. Nc4+ $6 Kxa4 52. Re5 Kb4 53. Rxd5 1/2-1/2

[Event "RUS-ch 56th"]
[Site "Krasnoyarsk"]
[Date "2003.09.04"]
[Round "2"]
[White "Morozevich, Alexander"]
[Black "Dvoirys, Semen I"]
[Result "1-0"]
[WhiteElo "2679"]
[BlackElo "2555"]
[Annotator "Bangiev,A"]
[PlyCount "53"]
[EventDate "2003.09.03"]
[EventType "swiss"]
[EventRounds "9"]
[EventCountry "RUS"]
[SourceTitle "CBM 098"]
[Source "ChessBase"]
[SourceDate "2004.02.03"]
[SourceVersion "1"]
[SourceVersionDate "2004.02.03"]
[SourceQuality "1"]

1. e4 c5 2. Ne2 d6 3. g3 d5 4. Bg2 dxe4 5. Nbc3 Nf6 (5... f5 $1 {Warum nicht?
Mit einem Mehrbauern könnte man Probleme besser lösen.} 6. d3 exd3 7. Nf4 Nf6 (
7... Nc6 8. Nxd3 $36 c4 9. Bxc6+ bxc6 10. Ne5 Qxd1+ 11. Nxd1) (7... dxc2 $6 8.
Qxd8+ Kxd8 9. Ne6+ Bxe6 10. Bxb7 Bd7 11. Bxa8 Bc6 12. Bxc6 Nxc6 13. Be3 e6 14.
Kd2 $16) 8. Nxd3 e6 9. O-O Be7 10. Re1 O-O 11. Bf4 Nc6 $13) 6. Nxe4 Nxe4 7.
Bxe4 Nc6 8. d3 Bd7 (8... e6 9. O-O Be7 10. c3 O-O 11. Qc2) 9. O-O e6 10. c3 (
10. f4 Be7 (10... f5 11. Bg2) 11. Be3 O-O 12. Qd2 Qc7 $132) 10... Be7 11. a3 {
Weiß bereitet den Vorstoß b4 vor} (11. d4 cxd4 12. cxd4 Qb6 $132) 11... Qc7 (
11... O-O 12. b4 Qc7 13. Be3 $36) 12. d4 {Dies stellt ein Versucht dar, die
schwarze Dame auf der c-Linie zu öffnen, angreifen zu können.} (12. b4 Rd8 {
-> Pd3}) 12... cxd4 13. cxd4 O-O $6 (13... Bf6 {Dies sollte das Manöver Nf4
verhindern} 14. Be3 Ne7 15. Nf4 Bc6 16. Rc1 $36) 14. Nf4 $5 {/\d5} Rad8 15. d5
Ne5 {Die beste Erwiderung} (15... e5 16. Qc2 exf4 17. Bxf4 Bd6 18. Bxd6 Qxd6
19. dxc6 Bxc6 20. Bxh7+ Kh8 21. Be4) 16. Bd2 $1 {Mit der Absicht den Bd2 auf
dem Feld c3 zu platzieren} Bb5 17. Re1 Bc5 18. Rc1 Nc4 19. Bc3 {Es ist hier
interessant anzumerken, dass die schwarzen Leichtfiguren "in der Luft hängen".
Die weißen Leichtfiguren sind dagegen gesichert.} Qb6 (19... e5 20. Nd3 Bd6 21.
Bxe5 $16) 20. Qc2 $16 {Die schwarze Stellung bricht nun ohne den Stütztpunkt
im Zentrum zusammen.} e5 $2 (20... exd5 $142 21. Nxd5 $16) 21. Bxh7+ Kh8 22.
Bxe5 Nxe5 23. Rxe5 Rc8 24. Kg2 (24. Kh1 {war genau so stark}) 24... g6 25. Bxg6
Bd4 26. Rh5+ Kg8 27. Bxf7+ 1-0

[Event "EU-ch 6th"]
[Site "Warsaw"]
[Date "2005.06.29"]
[Round "11"]
[White "Williams, Simon Kim"]
[Black "Khairullin, Ildar"]
[Result "0-1"]
[WhiteElo "2466"]
[BlackElo "2517"]
[Annotator "Bangiev,A"]
[PlyCount "74"]
[EventDate "2005.06.18"]
[EventType "swiss"]
[EventRounds "13"]
[EventCountry "POL"]
[SourceTitle "CBM 108"]
[Source "ChessBase"]
[SourceDate "2005.09.26"]
[SourceVersion "1"]
[SourceVersionDate "2005.09.26"]
[SourceQuality "1"]

1. e4 c5 2. a3 g6 3. h4 h5 4. b4 (4. Nc3 Bg7 5. Nh3 Nc6 6. g3 d6 7. Bg2 Bg4 8.
f3 Bd7 9. d3 Rb8 10. O-O b5 11. Nd5 e6 12. Ne3 e5 13. Nd5 Nce7 14. Ne3 Nh6 {
0-1 Nemet,I-Milov,V/Baden 1998/CBM 064 ext (38)}) 4... Bg7 5. Nc3 b6 (5... Nf6
6. bxc5 Nxe4 7. Nxe4 Bxa1 8. c3 d5 9. Ng5) (5... d6 6. bxc5 dxc5 7. Nf3) (5...
Nc6 6. bxc5 Bxc3 7. dxc3 Qa5 8. Qd3 Qxc5) 6. Nf3 Nf6 7. Ng5 $6 {[%csl Ge4,Gf7]
[%cal Ye4f5] Dieser Vorstoß stellt eine Einzelaktion dar, der Angriff auf das
Feld f7 ist damit nicht geplant.} (7. Rb1 $142) 7... O-O {[%csl Gf7][%cal
Ye4f5]} 8. Rb1 (8. Bc4 $6 Nc6) 8... Nc6 (8... d6 9. e5 dxe5 10. Qf3) 9. g3 (9.
Bc4 $6 e6 {/\d5}) (9. Be2 d5) 9... d5 $1 (9... d6) 10. Bg2 Bg4 (10... d4 11. e5
) 11. f3 Bc8 $15 {/\d4} 12. bxc5 (12. O-O d4 $17) 12... bxc5 13. exd5 {
Verhindert d4, bringt aber die schwarzen Steine gut ins Spiel} (13. d3 $142 d4
14. Ne2) 13... Nxd5 14. Nxd5 Qxd5 $17 15. O-O (15. d3 c4) 15... Qa2 16. Rb3 $8
Nd4 {[%mdl 64]} (16... c4 17. Rc3) (16... Bd4+ 17. Kh1 c4 18. Rc3 Bxc3 19. dxc3
Rd8 20. Qe1 Bf5 21. g4 $132) 17. Rb2 $8 Ne2+ 18. Qxe2 Bxb2 19. Bxb2 Qxb2 20.
Qxe7 Qd4+ 21. Kh2 Bf5 $17 22. c3 Qxd2 23. Qxc5 Rfc8 24. Qe7 Qd7 25. Qe3 Rc4 26.
Re1 Rac8 27. Qe5 Qc7 28. f4 Qxe5 29. fxe5 Rxc3 30. Bd5 R8c7 31. e6 fxe6 32.
Bxe6+ Bxe6 33. Rxe6 Kg7 34. Ra6 Rb7 35. Ne6+ Kh8 36. Rd6 Rb2+ 37. Kh3 Rc1 0-1

[Event "FRA-chT Top 16 GpB"]
[Site "Port Barcares"]
[Date "2005.05.06"]
[Round "10"]
[White "Vallejo Pons, Francisco"]
[Black "Dunis, Aurelien"]
[Result "1-0"]
[WhiteElo "2677"]
[BlackElo "2485"]
[Annotator "Bangiev,A"]
[PlyCount "85"]
[EventDate "2005.05.04"]
[EventType "team"]
[EventRounds "11"]
[EventCountry "FRA"]
[SourceTitle "CBM 107"]
[Source "ChessBase"]
[SourceDate "2005.08.01"]
[SourceVersion "1"]
[SourceVersionDate "2005.08.01"]
[SourceQuality "1"]

1. e4 c5 2. Ne2 d6 3. g3 d5 4. Bg2 dxe4 5. Nbc3 Nf6 6. Nxe4 Nxe4 7. Bxe4 e5 8.
d3 Bd6 {[%csl Ge4,Gf7,Gh7]} 9. Nc3 {[%csl Ge4]} Nd7 10. Qf3 {[%csl Gb7,Ge4,Gf7]
} Rb8 {[%csl Ge4]} 11. g4 {[%csl Ge4][%cal Ye4d5,Ye4f5][%mdl 160] Weiß
kontrolliert die weißen Felder auch im schwarzen Lager, verfolgt daher eine
weißfeldrige Strategie.} (11. O-O Nf6 12. Bf5 Bxf5 13. Qxf5 Qd7) 11... Nf8 {
/\Nf8, /\Nd4} (11... Nf6 12. Bf5 Bxf5 13. gxf5) 12. Nd5 {[%cal Yf6g7] /\c3,
Mit diesem Zug wird der e5-Raum angegriffen. Man beachte die Felderschwächen
auf f6,g7.} Ne6 13. c3 Bd7 {[%csl Ge4,Gh7]} (13... Ng5 14. Bxg5 {[%mdl 1024]}
Qxg5 15. h4) 14. h4 {[%csl Ge4][%cal Ye4f5] /\h5 um die Felder f5,g6 zu sichern
} b5 {/\b4; /\c4; /\Nd4;/\Be3} 15. Be3 b4 16. c4 Nd4 17. Bxd4 $1 {[%mdl 1024]
Dies soll die weißfeldrige Initiative stärken.} cxd4 18. Rc1 {/\c5, Dies
gewinnt ein Tempo für die Entwicklung.} Rc8 (18... b3 {/\Qa5} 19. axb3 Rxb3 20.
c5 $1 Qa5+ 21. Kf1 Bxc5 22. Nf6+ gxf6 23. Qxf6 O-O 24. Qh6 f5 25. gxf5 $18) 19.
a3 {[%mdl 512] Weiß beabsichtigt damit den Damenflügel zu öffnen, die
schwarzen Steine abzulenken.} (19. h5 h6) 19... bxa3 (19... a5 20. axb4 axb4
21. Ra1) 20. bxa3 Be6 (20... Bxa3 21. Ra1 Bc5 (21... Qa5+ 22. Kf1 Be6 23. Qe2
Rc5 24. Qc2 $16) 22. Qg3 O-O 23. g5 Kh8 24. h5 $40) 21. Kf1 Bxa3 22. Ra1 Bc5
23. Ra6 {Damit wird der Druck auf den Läufer e6 erhöhnt.} O-O 24. g5 {/\Nf6,
Schwarz muss den Springer auf d5 nehmen.} Bxd5 (24... Re8 25. Nf6+ gxf6 26.
gxf6 $18) 25. Bxd5 {Nun werden die weißen Felder im schwarzen Raum unter
weißer Kontrolle gestellt. /\Qh5} Bb6 (25... Kh8 26. Qf5 {/\h5} (26. Kg2 f5)
26... f6 27. Be4 g6 28. Qe6) (25... Rb8 26. Kg2 {/\g6, /\Qh5} (26. Qf5 Qc8))
26. Qf5 {[%csl Ge4][%cal Ye4f5,Ye6f7]} Qd6 27. h5 Rc5 {/\Rd5} 28. Be4 (28. g6
Kh8 29. Bxf7 h6 {Interessante Stellung: Die weißen Felder sind vom Weiß
eingenommen, Schwarz hat aber die schwarzen Felder gesichert!}) 28... g6 $8 {
[%csl Gh7]} 29. Qg4 (29. Qh3 {[%csl Gh7]} Rc7) 29... f5 {[%cal Ye4f5,Yg6h7]}
30. gxf6 $8 Qxf6 {[%csl Rf2]} 31. Ra2 g5 32. Rh3 Qf4 (32... Qe7 $142) 33. Qe6+
(33. Qd7) 33... Qf7 34. Qg4 Qf4 (34... Qe7 $142) 35. Qd7 Rc7 (35... Qf7 36.
Qxf7+ Rxf7 (36... Kxf7 37. Bxh7) 37. h6 (37. Bd5 Rxd5 38. cxd5 Rd7 39. Rf3 Kg7
40. Rc2) 37... Rf6 38. Rh5 Kh8 39. Rxg5 Rxh6 40. Bd5 $14) 36. Qe6+ Qf7 (36...
Kh8 37. Rf3) 37. Qxe5 Qg7 38. Qd5+ Kh8 39. h6 Qe7 40. Rf3 Rxf3 $2 (40... Rcc8
41. Re2 $16) 41. Bxf3 {/\Re2} Rc8 42. Re2 Qf6 43. Re6 1-0

[Event "Aars get2net Cup GM"]
[Site "Aars"]
[Date "1999.10.22"]
[Round "7"]
[White "Mortensen, Erling"]
[Black "Nielsen, Peter Heine"]
[Result "0-1"]
[WhiteElo "2445"]
[BlackElo "2560"]
[Annotator "Bangiev,A"]
[PlyCount "46"]
[EventDate "1999.10.18"]
[EventType "tourn"]
[EventRounds "9"]
[EventCountry "DEN"]
[EventCategory "9"]
[SourceTitle "CBM 074"]
[Source "ChessBase"]
[SourceDate "2000.02.01"]
[SourceVersion "1"]
[SourceVersionDate "2000.02.01"]
[SourceQuality "1"]

1. g3 c5 2. Bg2 g6 3. e4 Bg7 4. f4 Nc6 5. Nf3 d6 6. O-O e6 7. c3 Nge7 8. Na3 $6
(8. d3 $142 O-O 9. Be3) 8... O-O 9. d3 Rb8 10. Nc2 b5 11. d4 $6 (11. Qe2 b4) (
11. a3 $142 a5 12. Be3 (12. Nh4 f5 13. exf5 exf5 14. Re1 b4 15. axb4 axb4 16.
Bd2 Bf6 {1/2-1/2 Kondrashov,I-Stoljarov,S/Kolontaevo 1998/EXT 2000 (16)}) 12...
b4 13. axb4 axb4 14. d4 bxc3 15. bxc3 cxd4 16. cxd4 Na5 17. Bf2 Bb7 18. Qd3 Bc6
$132 {1/2-1/2 Fedorov,A-Balashov,Y/Samara 1998/CBM 67 (29)}) (11. Kh1 b4 12. c4
f5 13. Re1 fxe4 14. dxe4 e5 15. Qd3 $14 {1-0 Beshukov,S-Smirnov,P/Krasnoiarsk
1998/EXT 2000 (28)}) 11... b4 12. dxc5 bxc3 13. bxc3 (13. cxd6 cxb2 14. dxe7
Qxe7 15. Rb1 bxc1=Q 16. Qxc1 Ba6 $36) 13... dxc5 $15 {Schwarz steht dank
seiner günstigeren Figurenaufstellung  besser.} 14. Qe1 $2 {[%mdl 8192]} (14.
e5 Ba6 15. Re1 Qa5 $15) 14... Qd3 $1 $19 {[%cal Rd3c2,Rd3c3]} 15. Qf2 (15. Qd2
Qxc3 $19) 15... Bxc3 $19 16. Be3 Bxa1 17. Rxa1 Rb2 18. Nfe1 Qc3 19. Bxc5 Rd8
20. Ba3 Rxc2 21. Nxc2 Rd2 22. Qc5 Qxc5+ 23. Bxc5 Rxc2 0-1